Selected solutions and study guide chapters to accompany principles of corporate finance. / (Record no. 7521)
[ view plain ]
| 000 -LEADER | |
|---|---|
| fixed length control field | 02180nam a22001937a 4500 |
| 008 - FIXED-LENGTH DATA ELEMENTS--GENERAL INFORMATION | |
| fixed length control field | 120608t xxu||||| |||| 00| 0 eng d |
| 020 ## - INTERNATIONAL STANDARD BOOK NUMBER | |
| International Standard Book Number | 9780072391749 |
| 050 ## - LIBRARY OF CONGRESS CALL NUMBER | |
| Classification number | HG4026.K92 |
| 100 ## - MAIN ENTRY--PERSONAL NAME | |
| Personal name | Krishnan, V. Sivarama |
| 245 ## - TITLE STATEMENT | |
| Title | Selected solutions and study guide chapters to accompany principles of corporate finance. / |
| Statement of responsibility, etc. | V. Sivarama Krishnan |
| Remainder of title | by Richard A. Brealey and Stewart C. Myers |
| 250 ## - EDITION STATEMENT | |
| Edition statement | 6th ed. |
| 260 ## - PUBLICATION, DISTRIBUTION, ETC. | |
| Place of publication, distribution, etc. | London: |
| Name of publisher, distributor, etc. | McGraw Hill, |
| Date of publication, distribution, etc. | 1999. |
| 300 ## - PHYSICAL DESCRIPTION | |
| Extent | iv,611 p.: |
| Dimensions | 26cm. |
| 500 ## - GENERAL NOTE | |
| General note | Includes index |
| 505 ## - FORMATTED CONTENTS NOTE | |
| Formatted contents note | Contents: Value -- Finance and the financial manager -- Present value and the opportunity cost of capital -- How to calculate present values -- The Value of common stocks -- Why net present value leads to better investment decisions than other criteria -- Making investment decisions with the net present value rule -- Introduction to risk, return, and the opportunity cost of capital -- Risk and return -- Capital budgeting and risk -- Practical problems in capital budgeting -- A Project is not a black box -- Where positive net present values come from -- Making sure managers maximize NPV -- Financing decisions and market efficiency -- Corporate financing and the six lessons of market efficiency -- An Overview of corporate financing -- How corporations issue securities -- Dividend policy and capital structure -- The Dividend controversy -- Does debt policy matter? -- How much should a firm borrow? -- Financing and valuation -- Understanding options -- Valuing options -- Real options -- Warrants and convertibles -- Debt financing -- Valuing debt -- The Many different kinds of debt -- Leasing -- Risk management -- Managing risk -- Managing international risks -- Financial planning and short-term management -- Financial analysis and planning -- Short-term financial planning -- Cash management -- Credit management -- Mergers corporate control and governance -- Mergers -- Control, governance, and financial architecture -- Conclusion: what we do and do not know about finance -- Appendix A: present value tables -- Appendix B: answers to quizzes. |
| 650 ## - SUBJECT ADDED ENTRY--TOPICAL TERM | |
| Topical term following geographic name entry element | Corporate Finance. |
| 700 ## - ADDED ENTRY--PERSONAL NAME | |
| Personal name | Griffiths, Mark |
| 942 ## - ADDED ENTRY ELEMENTS (KOHA) | |
| Source of classification or shelving scheme | Library of Congress Classification |
| Koha item type | Books |
| Withdrawn status | Lost status | Source of classification or shelving scheme | Damaged status | Not for loan | Home library | Current library | Shelving location | Date acquired | Full call number | Barcode | Date last seen | Price effective from | Koha item type |
|---|---|---|---|---|---|---|---|---|---|---|---|---|---|
| Library of Congress Classification | WISCONSIN INTERNATIONAL UNIVERSITY COLLEGE, GHANA - MAIN LIBRARY | WISCONSIN INTERNATIONAL UNIVERSITY COLLEGE, GHANA KUMASI LIBRARY | General Stacks | 15/11/2019 | HG4026.K92 | K/2477/2477/19 | 21/07/2020 | 21/07/2020 | Books |
